Test success: test-taking techniques for beginning nursing students (Record no. 35328)

MARC details
000 -LEADER
fixed length control field 00590nam a2200193Ia 4500
020 ## - INTERNATIONAL STANDARD BOOK NUMBER
ISBN 9780803628182
050 ## - CALL MARK
Classification number RT 55 .N84/
100 ## - STATEMENT OF RESPONSIBILITY--MAIN AUTHOR NAME
Personal name Nugent, Patricia M.
245 #0 - TITLE STATEMENT
Title Test success: test-taking techniques for beginning nursing students
250 ## - EDITION / VOLUME STATEMENT
Edition / Volume statement 6th ed.
260 ## - PUBLICATION, DISTRIBUTION, ETC. (IMPRINT)
Place of publication Philadelphia
260 ## - PUBLICATION, DISTRIBUTION, ETC. (IMPRINT)
Name of publisher F. A. Davis Company
260 ## - PUBLICATION, DISTRIBUTION, ETC. (IMPRINT)
Year of publication 2012
300 ## - PHYSICAL DESCRIPTION
Number of Pages 377 p
650 ## - SUBJECT ADDED ENTRY--TOPICAL TERM
Topical Term Nursing--Examinations, questions, etc. Practical nursing--Examinations, questions, etc. Test-taking skills.
942 ## - ADDED ENTRY ELEMENTS (KOHA)
Koha item type Books
Holdings
Withdrawn status Lost status Source of classification or shelving scheme Damaged status Not for loan Permanent Location Current Location Date acquired Accession Number Price effective from Koha item type
    Library of Congress Classification     NILE UNIVERSITY OF NIGERIA - MAIN LIBRARY NILE UNIVERSITY OF NIGERIA - MAIN LIBRARY 04/23/2025 0195139 04/23/2025 Books